000 00962nam a2200205 i 4500
001 189092
003 ES-MaACL
005 20230906223357.0
008 190329q1939 gw f |||| | spa d
100 1 _aHuonder, Anton (
_d1858-1926)
_9166734
245 1 3 _aLa fuente sagrada de Chichén-Itzá
_b: narración del antiguo Yucatán /
_c[por el padre Antonio Huonder].
260 _aFriburgo de Brisgovia (Alemania) :
_bHerder,
_c[ca. 1939]
300 _a136 p., [2] h. de lám. col. ;
_c17 cm.
490 1 _aDesde lejanas tierras, galería de narraciones ilustradas dedicadas a la juventud ;
_v24
594 _aAutor tomado del Catálogo Rebiun.
650 4 _aLeyendas-
_zMéxico.
_9136398
830 0 _aDesde lejanas tierras, galería de narraciones ilustradas dedicadas a la juventud ;
_v24
_9225771
852 _aES-MaACL
_jL-32262
_z- Enc. cart.
_z. - Donat. herederos de la bibl. de Mª del Pilar Costa Palacín
_q- Faltan p. 1-2
999 _c189092
_d189092